Světový tisk. Roč. 20, č. 45-55, 1990

Bibliographic Details
Format: Book
Language:Undetermined
Published: Praha ČTK 1990

MARC

LEADER 00000nam a2200000 a 4500
001 vtls001330982
003 SK-MaSNL
005 20260223125445.0
008 210928s1990 xx 0 und
035 |a SNK000283857 
040 |a SNK  |b slo  |c SNK  |e AACR2 
245 1 |a Světový tisk. Roč. 20, č. 45-55, 1990 
260 |a Praha  |b ČTK  |c 1990 
958 |a OND 
999 |c 546023  |d 547953 
952 |t P60, <06>, [BOOK], {606}  |a SNK  |b SNK  |y PREZ  |7 0  |p 17A0139980  |o snkČD 846/20/1990/5  |0 0  |1 1  |4 0  |d 1998-05-13  |l 0  |r 2005-01-02 00:00:00  |w 2026-02-23